<?xml version="1.0" encoding="UTF-8"?><?xml-stylesheet type="text/xsl" href="static/style.xsl"?><OAI-PMH xmlns="http://www.openarchives.org/OAI/2.0/" xmlns:xsi="http://www.w3.org/2001/XMLSchema-instance" xsi:schemaLocation="http://www.openarchives.org/OAI/2.0/ http://www.openarchives.org/OAI/2.0/OAI-PMH.xsd"><responseDate>2026-04-17T05:12:19Z</responseDate><request verb="GetRecord" identifier="oai:www.recercat.cat:2072/483996" metadataPrefix="marc">https://recercat.cat/oai/request</request><GetRecord><record><header><identifier>oai:recercat.cat:2072/483996</identifier><datestamp>2025-05-08T16:50:06Z</datestamp><setSpec>com_2072_98</setSpec><setSpec>col_2072_378192</setSpec></header><metadata><record xmlns="http://www.loc.gov/MARC21/slim" xmlns:dcterms="http://purl.org/dc/terms/" xmlns:xsi="http://www.w3.org/2001/XMLSchema-instance" xmlns:doc="http://www.lyncode.com/xoai" xsi:schemaLocation="http://www.loc.gov/MARC21/slim http://www.loc.gov/standards/marcxml/schema/MARC21slim.xsd">
   <leader>00925njm 22002777a 4500</leader>
   <datafield ind2=" " ind1=" " tag="042">
      <subfield code="a">dc</subfield>
   </datafield>
   <datafield ind2=" " ind1=" " tag="720">
      <subfield code="a">Moreira Santos, Luciano Henrique</subfield>
      <subfield code="e">author</subfield>
   </datafield>
   <datafield ind2=" " ind1=" " tag="720">
      <subfield code="a">Silva Neves, Anamaria</subfield>
      <subfield code="e">author</subfield>
   </datafield>
   <datafield ind2=" " ind1=" " tag="720">
      <subfield code="a">Leitão Paravidini, João Luiz</subfield>
      <subfield code="e">author</subfield>
   </datafield>
   <datafield ind2=" " ind1=" " tag="260">
      <subfield code="c">2025</subfield>
   </datafield>
   <datafield ind2=" " ind1=" " tag="520">
      <subfield code="a">Altres ajuts: Coordenação de Aperfeiçoamento de Pessoal de Nível Superior</subfield>
   </datafield>
   <datafield ind2=" " ind1=" " tag="520">
      <subfield code="a">Trata-se de uma pesquisa psicanalítica que busca investigar as políticas e os aspectos ideológicos forjados a partir do neoliberalismo, que fundamentam a experiência da liberdade individual na contemporaneidade, por meio do exame do fenômeno armamentista. Ao mesmo tempo, examinar-se-á as tensões psicológicas e sociais que decorrem desse processo. O modelo neoliberal analisado é compreendido a partir das teorizações propostas por Von Mises e Hayek, no que se refere ao estatuto da liberdade na atualidade. Como conclusão, defende-se a ideia de que o armamentismo é uma forma de negação do outro e de si mesmo, que expressa um sintoma neurótico de recusa do processo subjetivo e do pacto civilizatório.</subfield>
   </datafield>
   <datafield ind2=" " ind1=" " tag="520">
      <subfield code="a">This is a psychoanalytic research that seeks to investigate the policies and the ideological aspects, forged from neoliberalism, that underlie the experience of individual freedom in contemporaneity through the examination of the armamentist phenomenon. At the same time, the psychological and social tensions that result from this process will be examined. The neoliberal model, analyzed, is understood from the theorizations proposed by Von Mises and Hayek regarding the status of freedom in the present. As a conclusion, it is argued that armamentism is a form of denial of the other and of oneself that expresses a neurotic symptom of refusal of the subjective process and of the civilizing pact.</subfield>
   </datafield>
   <datafield ind1="8" ind2=" " tag="024">
      <subfield code="a">http://hdl.handle.net/2072/483996</subfield>
   </datafield>
   <datafield tag="653" ind2=" " ind1=" ">
      <subfield code="a">Neoliberalism</subfield>
   </datafield>
   <datafield tag="653" ind2=" " ind1=" ">
      <subfield code="a">Armamentism</subfield>
   </datafield>
   <datafield tag="653" ind2=" " ind1=" ">
      <subfield code="a">Psychoanalysis</subfield>
   </datafield>
   <datafield tag="653" ind2=" " ind1=" ">
      <subfield code="a">Freedom</subfield>
   </datafield>
   <datafield tag="653" ind2=" " ind1=" ">
      <subfield code="a">Neoliberalismo</subfield>
   </datafield>
   <datafield tag="653" ind2=" " ind1=" ">
      <subfield code="a">Armamentismo</subfield>
   </datafield>
   <datafield tag="653" ind2=" " ind1=" ">
      <subfield code="a">Psicanálise</subfield>
   </datafield>
   <datafield tag="653" ind2=" " ind1=" ">
      <subfield code="a">Liberdade</subfield>
   </datafield>
   <datafield ind2="0" ind1="0" tag="245">
      <subfield code="a">Armamentismo e liberdade individual no neoliberalismo : uma perspectiva psicanalítica</subfield>
   </datafield>
</record></metadata></record></GetRecord></OAI-PMH>